000 006600000a22002290004500
041 0 _aEspañol
090 _aMM
_b00058
245 1 0 _aManejo de PCBs
300 _a18 min.
_bVHS
650 1 4 _aBifenilos policlorados - PCBs
_9100835
650 1 4 _aContaminación ambiental
_9351
650 1 4 _aSustancias tóxicas
_9100836
650 1 4 _aSustancias peligrosas
_992274
650 1 4 _aManejo de sustancias tóxicas
_920854
651 4 _pColombia
_992749
041 0 _aEspañol
044 _aColombia
710 1 _aMinisterio del Medio Ambiente
_99265
110 1 _aProyecto CIDA Colombia CERI
_9100837
260 _aBogotá
_bMinambiente
_c2001
942 _cCD-ROM
999 _c16439
_d16439